00621nam a22002177a 4500003000200000005001700002008000200019010001300021020002300034035002300057037001600080040001500096082001100111100003100122245005700153260004400210270006200254300002000316650002800336650003900364020180710111419.00 aB-160643 c250.00a8124109893 aB-160643, B-160644 bCen Lib/Ret aDPLbENc0 aNbNAR aNarayanaswamy, Chandramoni aThe Karans of Penang /cby Chandramoni Narayanaswamy bHar-Anand PublicationsaNew Delhic2006 bNew DelhiaE-49/3, Okhla Industral Area, Phase-IIe110020 a124p. c22m(Hb) aIndic fiction (English) aStories -- Indic fiction (English)